000 00301nam a2200121 a 4500
008 101026s1990|||| d
100 1 _aMattyasovszky, Jeno
245 1 0 _aTajná úloha
041 _aslo
044 _axo
_cSK
260 _bVýchodoslovenské vzdavateľstvo
_aKošice
_c1990
020 _c26
999 _c12312
_d12312